Pays avec la même première et dernière lettre - Statistiques

Statistiques générales
  • Ce quiz a été pris 136 fois
  • Le résultat moyen est 5 sur 10
Statistiques - réponses
Pays % Correct
Estonie
74%
Espagne
71%
Érythrée
70%
Éthiopie
66%
Angola
55%
Égypte
54%
Antigua-et-Barbuda
45%
Saint-Christophe-et-Niévès
27%
Saint-Vincent-et-les-Grenadines
27%
Seychelles
25%
Aucun quiz correspondant
Distribution des résultats
% des personnes avec chaque résultat
Percentile par nombre de réponses
Votre historique - résultats
Vous n’avez pas pris ce quiz